000 00264nam a22001217a 4500
008 190326b xxu||||| |||| 00| 0 eng d
041 _aeng
080 _a341
100 _a14
101 _aSHJ
245 _aShkrimi dhe Komunikimi
_cZejnullahu,S
942 _2udc
_cBK
999 _c54879
_d54879